000 00496nam a22001817a 4500
003 BDDh-ASL
005 20231015031058.0
008 221226r1960 u ||||| |||| 00| 0 a d
040 _aBDDh-ASL
_cBDDh-ASL
041 _aara
082 _a297
_bRUB
100 1 _aRushd, Ibn
_96861
245 1 0 _aBidāyatul Mujtahid : / بداية المجتهد
260 _aEgypt :
_bMustafa Al Babi Al Halabi ,
_c1960.
300 _a992 p. :
_c22 cm.
650 0 _aUsul-e Fiqh
_96827
942 _2ddc
_cBK
999 _c29845
_d29845